At home with white / (Record no. 607893)
[ view plain ]
| 000 -LEADER | |
|---|---|
| fixed length control field | 01489cam a2200361 a 4500 |
| 001 - CONTROL NUMBER | |
| control field | 14560413 |
| 003 - CONTROL NUMBER IDENTIFIER | |
| control field | OSt |
| 005 - DATE AND TIME OF LATEST TRANSACTION | |
| control field | 20240220130244.0 |
| 008 - FIXED-LENGTH DATA ELEMENTS--GENERAL INFORMATION | |
| fixed length control field | 060920s2007 enka 001 0 eng |
| 010 ## - LIBRARY OF CONGRESS CONTROL NUMBER | |
| LC control number | 2006031489 |
| 020 ## - INTERNATIONAL STANDARD BOOK NUMBER | |
| International Standard Book Number | 1845973496 |
| 020 ## - INTERNATIONAL STANDARD BOOK NUMBER | |
| International Standard Book Number | 9781849758765 |
| 035 ## - SYSTEM CONTROL NUMBER | |
| System control number | (OCoLC)71790054 |
| 035 ## - SYSTEM CONTROL NUMBER | |
| System control number | (OCoLC)ocm71790054 |
| 040 ## - CATALOGING SOURCE | |
| Original cataloging agency | DLC |
| Transcribing agency | DLC |
| Modifying agency | IG# |
| -- | BAKER |
| -- | BTCTA |
| -- | VP@ |
| -- | SJL |
| -- | DLC |
| 050 00 - LIBRARY OF CONGRESS CALL NUMBER | |
| Classification number | NK2115.5.C6 |
| Item number | B375 2007 |
| 082 00 - DEWEY DECIMAL CLASSIFICATION NUMBER | |
| Classification number | 747.94 |
| Edition number | 22 |
| Author Mark | BAR |
| 100 1# - MAIN ENTRY--PERSONAL NAME | |
| Personal name | Bartlett, Atlanta. |
| 9 (RLIN) | 120817 |
| 245 10 - TITLE STATEMENT | |
| Title | At home with white / |
| Statement of responsibility, etc. | Atlanta Bartlett ; with words by Karena Callen ; photography by Polly Wreford. |
| 260 ## - PUBLICATION, DISTRIBUTION, ETC. | |
| Place of publication, distribution, etc. | London ; |
| -- | New York : |
| Name of publisher, distributor, etc. | Ryland Peters & Small, |
| Date of publication, distribution, etc. | 2007. |
| 300 ## - PHYSICAL DESCRIPTION | |
| Extent | 134 p. : |
| Other physical details | col. ill. ; |
| Dimensions | 27 cm. |
| 500 ## - GENERAL NOTE | |
| General note | Includes index. |
| 650 #0 - SUBJECT ADDED ENTRY--TOPICAL TERM | |
| Topical term or geographic name entry element | White in interior decoration. |
| 9 (RLIN) | 120818 |
| 700 1# - ADDED ENTRY--PERSONAL NAME | |
| Personal name | Callen, Karena. |
| 9 (RLIN) | 120819 |
| 700 1# - ADDED ENTRY--PERSONAL NAME | |
| Personal name | Wreford, Polly. |
| 9 (RLIN) | 120820 |
| 856 41 - ELECTRONIC LOCATION AND ACCESS | |
| Materials specified | Table of contents only |
| Uniform Resource Identifier | <a href="http://www.loc.gov/catdir/toc/ecip071/2006031489.html">http://www.loc.gov/catdir/toc/ecip071/2006031489.html</a> |
| 856 42 - ELECTRONIC LOCATION AND ACCESS | |
| Materials specified | Contributor biographical information |
| Uniform Resource Identifier | <a href="https://www.loc.gov/catdir/enhancements/fy1616/2006031489-b.html">https://www.loc.gov/catdir/enhancements/fy1616/2006031489-b.html</a> |
| 856 42 - ELECTRONIC LOCATION AND ACCESS | |
| Materials specified | Publisher description |
| Uniform Resource Identifier | <a href="https://www.loc.gov/catdir/enhancements/fy1616/2006031489-d.html">https://www.loc.gov/catdir/enhancements/fy1616/2006031489-d.html</a> |
| 906 ## - LOCAL DATA ELEMENT F, LDF (RLIN) | |
| a | 7 |
| b | cbc |
| c | orignew |
| d | 1 |
| e | ecip |
| f | 20 |
| g | y-gencatlg |
| 942 ## - ADDED ENTRY ELEMENTS (KOHA) | |
| Source of classification or shelving scheme | |
| Koha item type | Book |
| Institution code [OBSOLETE] | SADA |
| Call number prefix | 747.94 BAR 2007 |
| Withdrawn status | Lost status | Source of classification or shelving scheme | Damaged status | Not for loan | Permanent Location | Current Location | Date acquired | Total Checkouts | Full call number | Barcode | Date last seen | Cost, replacement price | Price effective from | Koha item type |
|---|---|---|---|---|---|---|---|---|---|---|---|---|---|---|
| School of Art Design and Architecture (SADA) | School of Art Design and Architecture (SADA) | 08/16/2018 | 747.94 BAR 2007 | SADA0002792 | 02/20/2024 | 2716.56 | 02/20/2024 | Book |
